000 01476nam a2200373 i 4500
001 195997
003 ES-GrU
005 20250807062554.0
007 ta
008 240809s2017 sp 001 0 spa d
017 _aC 732-2017
035 _a991006484209704990
040 _aUR
_dUJAEN LSP
_bspa
_cES-MaACL
080 _a616-053.2
080 _a61(091)
100 _aBorderas Gaztambide, Augusto
_9237957
_eaut
245 1 0 _aArs pediátrica Compostelana y Vasco-Navarra :
_bun recorrido vital por la medicina pediátrica y la sociedad del siglo XX (1955-2016) /
_cAugusto Borderas Gaztambide ; edición al cuidado de José María Fraga Bermúdez.
260 _aSantiago de Compostela :
_bUniversidad de Santiago de Compostela,
_c[2017].
300 _a221 p. :
_bil. n. ;
_c24 cm.
336 _2rdacontent
_atexto
337 _2rdamedia
_asin mediación
338 _2rdacarrier
_avolumen
650 7 _aPediatría
_9136672
650 7 _aMedicina
_2embne
_914891
650 7 _aHistoria
_2embne
_9179933
653 8 _aS XX
710 2 _aUniversidad de Santiago de Compostela
_97294
852 _aEs-MaACL
_bR.153566
_cDEPOJ
_jN-9117
_hDonación: Augusto Borderas Gaztambide
_xEncuadernación rústica con solapas
_9205015
903 _9237957
_aBorderas Gaztambide, Augusto
_ednr
942 _cMONOGRAFIA
_n0
999 _c195997
_d195997